A Magyar Tanácsköztársaság zenei és kulturális politikájáról beszélgetés Lukács Györggyel
Elmentve itt :
| Szerző: | |
|---|---|
| További közreműködők: | |
| Adatforrás: | Philobibl |
| Forrásdokumentuma: | Magyar Zene 1969:2. (jún.) p. 150-161. |
| Dokumentumtípus: | Cikk |
| Nyelv: | magyar |
| Kulcsszavak: | kultúrpolitika zenetörténet |
| Online elérés: | előfizetéssel hozzáférhető |
| LEADER | 00577nab a2200145 c 4500 | ||
|---|---|---|---|
| 001 | bibPHI0038591 | ||
| 005 | 20230927132930.1 | ||
| 008 | 100614s1969 hu hun | ||
| 100 | 1 | |a Breuer György | |
| 245 | 1 | 2 | |a A Magyar Tanácsköztársaság zenei és kulturális politikájáról |b beszélgetés Lukács Györggyel |c Breuer György |
| 695 | |a kultúrpolitika | ||
| 695 | |a zenetörténet | ||
| 700 | 1 | |a Lukács György | |
| 773 | 0 | |t Magyar Zene |g 1969:2. (jún.) p. 150-161. | |
| 856 | 4 | 1 | |3 Full ext |u https://adt.arcanum.com/hu/view/MagyarZene_1969/?pg=151&layout=s |z előfizetéssel hozzáférhető |